| 000 | 00430cam a2200181ua 4500 | ||
|---|---|---|---|
| 001 | 1773 | ||
| 008 | 110811n ii |||gr||||Z||||||eng | ||
| 040 | _cMAIN | ||
| 082 | _a370 | ||
| 100 |
_aDeka, Birendra, _eAuthor. |
||
| 245 | 1 |
_aSaikhik rasana samuh _cby Birendra Deka |
|
| 250 | _a2nd. | ||
| 260 |
_aNalbari: _bKitap ghar,996. |
||
| 300 |
_a262p: _c23cm. |
||
| 653 | _aEducation | ||
| 653 | _aEducational essays | ||
| 942 | _cBK | ||
| 999 |
_c1657 _d1657 |
||